Los delitos de malversación: apropiación, utilización temporal y administración desleal de caudales públicos

Պահպանված է:
Մատենագիտական մանրամասներ
Հիմնական հեղինակ: Morales García, Óscar (autor)
Ձևաչափ: Գիրք
Լեզու:իսպաներեն
Հրապարակվել է: Pamplona Aranzadi 1999
Շարք:Colección Monografías Aranzadi, 136
Խորագրեր:
Ցուցիչներ: Ավելացրեք ցուցիչ
Չկան պիտակներ, Եղեք առաջինը, ով նշում է այս գրառումը!

MARC

LEADER 00000nam a2200000 a 4500
001 UCL2849
003 CL-VaPUC
008 031107e19990000SP |||||||||||||||||spa|d
020 |a 8484103781 
082 0 4 |a 364.162  |b MOR  |2 21 
100 |a Morales García, Óscar  |e autor  |9 479984 
245 1 4 |a Los delitos de malversación: apropiación, utilización temporal y administración desleal de caudales públicos 
300 |a 343 p 
942 |c BK 
945 |d 20031107 00:00:00  |a cmena 
260 |a Pamplona  |b Aranzadi  |c 1999 
650 0 |a Malversación  |9 479985 
650 0 |a Administración pública   |9 255343 
650 0 |a Delitos  |9 224143 
650 0 |a Bien jurídico  |9 392951 
650 0 |a Derecho comparado  |9 255664 
650 0 |a Jurisprudencia  |9 255952 
650 7 |a DERECHO PENAL  |2 CL-VaPUC  |9 11 
583 |a last modification  |c 20130608 02:05:08  |k Rodrigo Vera 
490 0 |a Colección Monografías Aranzadi, 136 
999 |c 306025  |d 306023 
952 |0 0  |1 0  |4 0  |6 364_162000000000000_MOR_1999  |7 0  |8 A  |9 370697  |a BIBDER  |b BIBDER  |d 2019-11-21  |i 3859169  |l 1  |m 2  |o 364.162 MOR 1999  |p 3859169  |q 2025-12-31  |r 2024-03-19  |s 2024-03-19  |w 2019-11-21  |y BK  |k DER